000 00502nam a2200205Ia 4500
008 170918s9999 xx 000 0 und d
020 _a9780439412858
050 _bH466 2002
100 _aHeiligman, Deborah
245 _aEarthquakes /
245 _cDeborah Heiligman.
260 _aNew York :
260 _bScholastic,
260 _c2002
300 _a48 pages :
300 _bcolored illustration ;
300 _c23cm.
440 _aScholastic science readers level 2.
500 _a760
999 _c341920
_d341920